Statistics for Countries of elected and appointed female heads of state

Click here to take the quiz!

General Stats

  • This quiz has been taken 115 times
  • The average score is 72 of 172

Answer Stats

HintAnswer% Correct
Margaret Thatcher | Theresa MayUnited Kingdom
91%
Angela MerkelGermany
83%
Cristina Fernández de Kirchner | Isabel Martínez de PerónArgentina
80%
Anne Enger Lahnstein | Erna Solberg | Gro Harlem BrundtlandNorway
80%
Anneli Jäätteenmäki | Mari Kiviniemi | Tarja HalonenFinland
79%
Indira Gandhi | Pratibha PatilIndia
79%
Dame Quentin Bryce | Julia GillardAustralia
76%
Jóhanna Sigurðardóttir | Katrín Jakobsdóttir | Vigdís FinnbogadóttirIceland
76%
Adrienne Clarkson | Jeanne Sauvé | Julie Payette | +2 othersCanada
74%
Dame Catherine Tizard | Dame Patsy Reddy | Dame Sian Elias | +4 othersNew Zealand
73%
Benazir BhuttoPakistan
73%
Dilma RousseffBrazil
70%
Helle Thorning-SchmidtDenmark
67%
Mary McAleese | Mary RobinsonIreland
65%
Michelle BacheletChile
64%
Ana Jara | Beatriz Merino | Mercedes Aráoz | Rosario FernándezPeru
62%
Chang Sang | Han Myeong-sook | Park Geun-hyeSouth Korea
62%
Jadranka Kosor | Kolinda Grabar-KitarovićCroatia
61%
Beata Szydło | Ewa Kopacz | Hanna SuchockaPoland
61%
Édith CressonFrance
59%
Vassiliki ThanouGreece
58%
Ana Brnabić | Slavica Đukić DejanovićSerbia
56%
Iveta RadičováSlovakia
56%
Doris Leuthard | Elisabeth Kopp | Eveline Widmer-Schlumpf | +4 othersSwitzerland
55%
Barbara Prammer | Doris BuresAustria
53%
Dalia Itzik | Golda MeirIsrael
53%
Maria de Lourdes PintasilgoPortugal
50%
Ellen Johnson Sirleaf | Ruth PerryLiberia
48%
Dalia Grybauskaitė | Irena Degutienė | Kazimira PrunskienėLithuania
48%
Kersti KaljulaidEstonia
47%
Laimdota Straujuma | Vaira Vīķe-FreibergaLatvia
47%
Aung San Suu KyiMyanmar
47%
Alenka BratušekSlovenia
47%
Anna Maria Muccioli | Antonella Mularoni | Assunta Meloni | +13 othersSan Marino
45%
Khaleda Zia | Sheikh HasinaBangladesh
44%
Viorica DăncilăRomania
42%
Yulia TymoshenkoUkraine
42%
Lidia Gueiler TejadaBolivia
39%
Sirimavo BandaranaikeCeylon and Sri Lanka
39%
Rosalía Arteaga SerranoEcuador
39%
Corazon Aquino | Gloria Macapagal ArroyoPhilippines
39%
Megawati SukarnoputriIndonesia
38%
Chandrika KumaratungaSri Lanka
38%
Tansu ÇillerTurkey
38%
Reneta IndzhovaBulgaria
36%
Yingluck ShinawatraThailand
36%
Biljana Plavšić | Tatjana Ljujić-MijatovićBosnia and Herzegovina
33%
Soong Ching-lingChina
33%
Ivy Matsepe-CasaburriSouth Africa
33%
Agatha Barbara | Marie-Louise Coleiro PrecaMalta
32%
Tsai Ing-wenTaiwan
32%
Laura ChinchillaCosta Rica
30%
Portia Simpson-MillerJamaica
27%
Natalia Gherman | Zinaida GreceanîiMoldova
27%
Atifete JahjagaKosovo
26%
Bidhya Devi BhandariNepal
24%
Violeta ChamorroNicaragua
24%
Emmanuelle Mignon | Sylvie HubacAndorra
23%
Radmila ŠekerinskaMacedonia
23%
Halimah YacobSingapore
23%
Janet JaganGuyana
21%
Mireya MoscosoPanama
21%
Cynthia Pratt | Dame Ivy Dumont | Dame Marguerite PindlingBahamas
18%
Dame Nita Barrow | Dame Sandra Mason | Sandra MasonBarbados
18%
Dame Eugenia CharlesDominica
18%
Nino BurjanadzeGeorgia
18%
Sibel SiberNorthern Cyprus
18%
Agathe UwilingiyimanaRwanda
17%
Nyam-Osoryn Tuyaa | Sükhbaataryn YanjmaaMongolia
15%
Dame Elmira Minita GordonBelize
14%
Claudette Werleigh | Ertha Pascal-Trouillot | Florence Duperval Guillaume | Michèle Pierre-LouisHaiti
14%
Joyce BandaMalawi
14%
Dame Pearlette LouisySaint Lucia
14%
Kamla Persad-Bissessar | Paula-Mae WeekesTrinidad and Tobago
14%
Monica DaconSaint Vincent and the Grenadines
12%
Catherine Samba-Panza | Elisabeth DomitienCentral African Republic
11%
Khertek Anchimaa-TokaTannu Tuva
11%
Milka PlanincYugoslavia
11%
Adiato Djaló Nandigna | Carmen PereiraGuinea-Bissau
9%
Cécile ManorohantaMadagascar
9%
Dame Louise Lake-TackAntigua and Barbuda
8%
Sylvie KinigiBurundi
8%
Dame Cécile La GrenadeGrenada
8%
Roza OtunbayevaKyrgyzstan
8%
Ameenah Gurib | Monique Ohsan BellepeauMauritius
8%
Saara KuugongelwaNamibia
8%
Aminata Touré | Mame Madior BoyeSenegal
8%
Luísa DiogoMozambique
6%
Sabine Bergmann-PohlEast Germany
5%
Rose Francine RogombéGabon
3%
Cissé Mariam Kaïdama SidibéMali
3%
Hilda HeineMarshall Islands
3%
Maria das Neves | Maria do Carmo SilveiraSão Tomé and Príncipe
2%
Maya Parnas | Tatiana TuranskayaTransnistria
0%

Score Distribution

Percentile by Number Answered

Percent of People with Each Score

Your Score History

You have not taken this quiz